000 00665nam a2200253Ia 4500
003 OSt
005 20220912145046.0
006 a|||||r|||| 00| 0
007 ta
008 220909b |||||||| |||| 00| 0 eng d
024 _a75203
037 _cTextual
040 _aCSL
_beng
_cCSL
041 _aeng
082 _aE215, L0;1 CS
100 _aMcweeny R
245 0 _aSpins in chemistry
260 _aNew York
_bAcademic Press
_c1970
300 _axi,153p.
_ccm.
490 _aCurrent chemical concepts: A series of monographs
650 _aChemistry
942 _hE215, L0;1 CS
_cTEXL
_2CC
999 _c22125
_d22125